00343 2200145 4500001002100000005001500021035002000036245004700056100001800103300001100121260003100132082000800163084001400171990001200185INLIS00000000000231720250528092504 a0010-05250006091 a90 Menit Bersama Machieve /cPaul Stratern0 aPaul Stratern a94 hlm aJakarta :bErlangga,c2002 a100 a100 PAU s a0713095